Sports Quiz

Random Sports or NBA Quiz

NBA 20 PPG Seasons in the 1990s Quiz Stats

 Plays Quiz Updated Mar 3, 2015

Challenge
Share
Tweet
Embed
Score 0/210 Timer 12:00
6 Plays Today
Season, Team Player % Correct
1992-93, CHIMichael Jordan
99.7%
1989-90, CHIMichael Jordan
99.8%
1990-91, CHIMichael Jordan
99.7%
1995-96, CHIMichael Jordan
99.7%
1991-92, CHIMichael Jordan
99.7%
1996-97, CHIMichael Jordan
99.7%
1997-98, CHIMichael Jordan
99.7%
1994-95, ORLShaquille O'Neal
97.1%
1993-94, ORLShaquille O'Neal
97.1%
1997-98, LALShaquille O'Neal
97.1%
1995-96, ORLShaquille O'Neal
97.1%
1998-99, LALShaquille O'Neal
97.1%
1996-97, LALShaquille O'Neal
97.1%
1992-93, ORLShaquille O'Neal
97.1%
1990-91, UTAKarl Malone
96.5%
1991-92, UTAKarl Malone
96.5%
1996-97, UTAKarl Malone
96.5%
1992-93, UTAKarl Malone
96.5%
1997-98, UTAKarl Malone
96.5%
1994-95, UTAKarl Malone
96.5%
1995-96, UTAKarl Malone
96.5%
1993-94, UTAKarl Malone
96.5%
1998-99, UTAKarl Malone
96.5%
1989-90, UTAKarl Malone
96.5%
1989-90, WSBJeff Malone
95.5%
1991-92, UTAJeff Malone
95.5%
1993-94, SASDavid Robinson
93.8%
1994-95, SASDavid Robinson
93.8%
1990-91, SASDavid Robinson
93.8%
1995-96, SASDavid Robinson
93.8%
1992-93, SASDavid Robinson
93.8%
1991-92, SASDavid Robinson
93.8%
1989-90, SASDavid Robinson
93.8%
1997-98, SASDavid Robinson
93.8%
1990-91, NYKPatrick Ewing
93.7%
1993-94, NYKPatrick Ewing
93.7%
1992-93, NYKPatrick Ewing
93.7%
1991-92, NYKPatrick Ewing
93.7%
1994-95, NYKPatrick Ewing
93.7%
1995-96, NYKPatrick Ewing
93.7%
1996-97, NYKPatrick Ewing
93.7%
1989-90, NYKPatrick Ewing
93.7%
1997-98, MILGlenn Robinson
93.1%
1994-95, MILGlenn Robinson
93.1%
1996-97, MILGlenn Robinson
93.1%
1995-96, MILGlenn Robinson
93.1%
1994-95, PORClifford Robinson
93%
1995-96, PORClifford Robinson
93%
1993-94, PORClifford Robinson
93%
1989-90, LALMagic Johnson
91.6%
1994-95, HOUHakeem Olajuwon
91.3%
1993-94, HOUHakeem Olajuwon
91.3%
1995-96, HOUHakeem Olajuwon
91.3%
1992-93, HOUHakeem Olajuwon
91.3%
1996-97, HOUHakeem Olajuwon
91.3%
1989-90, HOUHakeem Olajuwon
91.3%
1991-92, HOUHakeem Olajuwon
91.3%
1990-91, HOUHakeem Olajuwon
91.3%
1992-93, CHHLarry Johnson
91.2%
1995-96, CHHLarry Johnson
91.2%
1990-91, PHOKevin Johnson
91.2%
1989-90, PHOKevin Johnson
91.2%
1996-97, PHOKevin Johnson
91.2%
1993-94, PHOKevin Johnson
91.2%
1998-99, PHIAllen Iverson
90%
1996-97, PHIAllen Iverson
90%
1997-98, PHIAllen Iverson
90%
1992-93, ATLDominique Wilkins
88.9%
1991-92, ATLDominique Wilkins
88.9%
1989-90, ATLDominique Wilkins
88.9%
Season, Team Player % Correct
1993-94, ATL/LACDominique Wilkins
88.9%
1990-91, ATLDominique Wilkins
88.9%
1990-91, PHICharles Barkley
88.8%
1992-93, PHOCharles Barkley
88.8%
1995-96, PHOCharles Barkley
88.8%
1991-92, PHICharles Barkley
88.8%
1994-95, PHOCharles Barkley
88.8%
1989-90, PHICharles Barkley
88.8%
1993-94, PHOCharles Barkley
88.8%
1993-94, CHIScottie Pippen
88.7%
1994-95, CHIScottie Pippen
88.7%
1991-92, CHIScottie Pippen
88.7%
1996-97, CHIScottie Pippen
88.7%
1990-91, INDReggie Miller
87.2%
1989-90, INDReggie Miller
87.2%
1996-97, INDReggie Miller
87.2%
1992-93, INDReggie Miller
87.2%
1995-96, INDReggie Miller
87.2%
1991-92, INDReggie Miller
87.2%
1989-90, BOSLarry Bird
86.6%
1991-92, BOSLarry Bird
86.6%
1991-92, PORClyde Drexler
83.6%
1989-90, PORClyde Drexler
83.6%
1994-95, POR/HOUClyde Drexler
83.6%
1990-91, PORClyde Drexler
83.6%
1995-96, ORLAnfernee Hardaway
81.6%
1994-95, ORLAnfernee Hardaway
81.6%
1996-97, ORLAnfernee Hardaway
81.6%
1991-92, GSWTim Hardaway
81.5%
1990-91, GSWTim Hardaway
81.5%
1992-93, GSWTim Hardaway
81.5%
1996-97, MIATim Hardaway
81.5%
1994-95, GSWTim Hardaway
81.5%
1996-97, SEAGary Payton
78.9%
1998-99, SEAGary Payton
78.9%
1994-95, SEAGary Payton
78.9%
1998-99, SASTim Duncan
77.7%
1997-98, SASTim Duncan
77.7%
1998-99, MINKevin Garnett
77%
1998-99, CLEShawn Kemp
76.3%
1995-96, MIAAlonzo Mourning
75.9%
1993-94, CHHAlonzo Mourning
75.9%
1994-95, CHHAlonzo Mourning
75.9%
1992-93, CHHAlonzo Mourning
75.9%
1998-99, MIAAlonzo Mourning
75.9%
1997-98, WASChris Webber
75.3%
1996-97, WSBChris Webber
75.3%
1994-95, WSBChris Webber
75.2%
1992-93, GSWChris Mullin
74%
1990-91, GSWChris Mullin
74%
1991-92, GSWChris Mullin
74%
1989-90, GSWChris Mullin
74%
1992-93, DETJoe Dumars
68.1%
1990-91, DETJoe Dumars
68.1%
1993-94, DETJoe Dumars
68.1%
1996-97, SACMitch Richmond
63.3%
1990-91, GSWMitch Richmond
63.3%
1993-94, SACMitch Richmond
63.3%
1997-98, SACMitch Richmond
63.3%
1995-96, SACMitch Richmond
63.3%
1994-95, SACMitch Richmond
63.3%
1991-92, SACMitch Richmond
63.3%
1989-90, GSWMitch Richmond
63.3%
1992-93, SACMitch Richmond
63.3%
1996-97, DETGrant Hill
58.8%
1998-99, DETGrant Hill
58.8%
1997-98, DETGrant Hill
58.8%
1995-96, DETGrant Hill
58.8%
1989-90, BOSKevin McHale
57.7%
1996-97, CHHGlen Rice
57.5%
Season, Team Player % Correct
1991-92, MIAGlen Rice
57.5%
1997-98, CHHGlen Rice
57.5%
1994-95, MIAGlen Rice
57.5%
1995-96, CHHGlen Rice
57.5%
1993-94, MIAGlen Rice
57.5%
1996-97, ATLSteve Smith
57.5%
1997-98, ATLSteve Smith
57.5%
1989-90, LACCharles Smith
57.4%
1990-91, LACCharles Smith
57.4%
1990-91, LALJames Worthy
57.3%
1989-90, LALJames Worthy
57.3%
1994-95, DALJim Jackson
56.2%
1989-90, MILRicky Pierce
53.7%
1991-92, SEARicky Pierce
53.7%
1990-91, MIL/SEARicky Pierce
53.7%
1990-91, WSBBernard King
48.9%
1989-90, WSBBernard King
48.9%
1996-97, GSWLatrell Sprewell
47.7%
1993-94, GSWLatrell Sprewell
47.7%
1994-95, GSWLatrell Sprewell
47.7%
1997-98, BOSAntoine Walker
46.7%
1989-90, PHOTom Chambers
45.5%
1998-99, VANShareef Abdur-Rahim
44.2%
1997-98, VANShareef Abdur-Rahim
44.2%
1998-99, MIN/NJNStephon Marbury
42%
1991-92, BOSReggie Lewis
40.7%
1992-93, BOSReggie Lewis
40.7%
1996-97, PHIJerry Stackhouse
40.6%
1994-95, DALJamal Mashburn
39.5%
1990-91, CLEBrad Daugherty
39%
1991-92, CLEBrad Daugherty
39%
1992-93, CLEBrad Daugherty
39%
1992-93, NJNDerrick Coleman
38.6%
1994-95, NJNDerrick Coleman
38.6%
1993-94, NJNDerrick Coleman
38.6%
1995-96, WSBJuwan Howard
37.6%
1998-99, NJNKeith Van Horn
36.9%
1997-98, DALMichael Finley
34.7%
1998-99, DALMichael Finley
34.7%
1989-90, SEADale Ellis
32%
1996-97, DENLaPhonso Ellis
31.9%
1992-93, LACDanny Manning
31.3%
1993-94, LAC/ATLDanny Manning
31.3%
1992-93, NJNDrazen Petrovic
31%
1991-92, NJNDrazen Petrovic
31%
1996-97, TORDamon Stoudamire
29.2%
1991-92, PHOJeff Hornacek
28.3%
1995-96, MILVin Baker
26.8%
1996-97, MILVin Baker
26.8%
1993-94, LACRon Harper
26.8%
1994-95, LALCedric Ceballos
23%
1995-96, LALCedric Ceballos
23%
1998-99, DENAntonio McDyess
22.1%
1990-91, PHIHersey Hawkins
21.9%
1992-93, PHIHersey Hawkins
21.9%
1996-97, MINTom Gugliotta
21.1%
1997-98, MINTom Gugliotta
21.1%
1990-91, DENMichael Adams
20.4%
1996-97, NJNKendall Gill
18.8%
1991-92, CHHKendall Gill
18.8%
1989-90, SASTerry Cummings
17.8%
1994-95, MINIsaiah Rider
15.4%
1989-90, MINTony Campbell
14.7%
1990-91, MINTony Campbell
14.7%
1989-90, SEAXavier McDaniel
13.2%
1994-95, PHIDana Barros
12.8%
1990-91, DENOrlando Woolridge
9.8%
1989-90, SACWayman Tisdale
8.4%
1991-92, WSBPervis Ellison
7.5%
1990-91, SACAntoine Carr
5.6%

You're not logged in!

Compare scores with friends on all Sporcle quizzes.
OR
Log In

You Might Also Like...

Show Comments

Extras

Top Quizzes Today


Score Distribution

Your Account Isn't Verified!

In order to create a playlist on Sporcle, you need to verify the email address you used during registration. Go to your Sporcle Settings to finish the process.

Report this User

Report this user for behavior that violates our Community Guidelines.

Details: